[Event "XXXIII Memorial Edoardo Crespi B"]
[Site "Milano ITA"]
[Date "2012.12.07"]
[Round "3"]
[White "Priori, Gabriele"]
[Black "Poletto, Daniele"]
[WhiteElo "1608"]
[BlackElo "1726"]
[Result "1/2-1/2"]
[PlyCount "82"]
[EventDate "2012.12.05"]

1. d4 Nf6 2. Bf4 g6 3. Nf3 Bg7 4. e3 d6 5. Be2 O-O 6. O-O Nbd7 7. h3 c5 8. c3
b6 9. Nbd2 Bb7 10. Qc2 Rc8 11. Rac1 cxd4 12. exd4 Rc7 13. Nh4 Nd5 14. Be3 Nxe3
15. fxe3 e5 16. Nhf3 Qa8 17. Nc4 exd4 18. exd4 Be4 19. Qd2 d5 20. Nd6 Qc6 21.
Nxe4 dxe4 22. d5 Qc5+ 23. Nd4 Qxd5 24. Qf4 Bxd4+ 25. cxd4 Qxd4+ 26. Kh1 Rxc1
27. Qxc1 Nc5 28. h4 e3 29. g3 Qd5+ 30. Kh2 Qxa2 31. Rxf7 Qa5 32. Rxf8+ Kxf8 33.
Qxe3 Nd7 34. Qh6+ Ke8 35. Qxh7 Qf5 36. Qh8+ Ke7 37. Qd4 Qe5 38. Qxe5+ Nxe5 39.
Kg2 Kd6 40. Kf2 a5 41. Ke3 Ke6 1/2-1/2

[Event "XXXIII Memorial Edoardo Crespi B"]
[Site "Milano ITA"]
[Date "2012.12.07"]
[Round "3"]
[White "Ricci, Leonardo"]
[Black "Costanza, Calogero"]
[WhiteElo "1540"]
[BlackElo "1683"]
[Result "1-0"]
[PlyCount "67"]
[EventDate "2012.12.05"]

1. e4 d6 2. d4 Nd7 3. Nf3 e6 4. Nc3 c6 5. Bd3 Qc7 6. Qe2 e5 7. d5 Ngf6 8. Bg5
Be7 9. O-O-O Nc5 10. dxc6 Nxd3+ 11. Qxd3 bxc6 12. Bxf6 gxf6 13. h3 Qb6 14. Qd2
Be6 15. b3 Rb8 16. g4 c5 17. Nd5 Qb7 18. Nxe7 Qxe7 19. Qxd6 Qxd6 20. Rxd6 Ke7
21. Rhd1 Rhd8 22. Rxd8 Rxd8 23. Rxd8 Kxd8 24. Kd2 c4 25. b4 Kc7 26. Kc3 Kb6 27.
a4 a6 28. Nd2 Kc6 29. Nxc4 Bd7 30. f3 Kb7 31. a5 Bb5 32. h4 h6 33. g5 Bxc4 34.
gxh6 1-0

[Event "XXXIII Memorial Edoardo Crespi B"]
[Site "Milano ITA"]
[Date "2012.12.07"]
[Round "3"]
[White "Ricciardi, Arcangelo"]
[Black "Pandini, Giuseppe"]
[WhiteElo "1691"]
[BlackElo "1762"]
[Result "1-0"]
[PlyCount "101"]
[EventDate "2012.12.05"]

1. e4 b6 2. Nf3 Bb7 3. Nc3 e6 4. d4 Bb4 5. Bd3 Nf6 6. Bg5 h6 7. Bh4 g5 8. Bg3
Nxe4 9. Bxe4 Bxe4 10. O-O Bxc3 11. bxc3 Nc6 12. Ne5 Nxe5 13. Bxe5 Rh7 14. Qe2
Bb7 15. Qd3 f5 16. f3 d6 17. Bg3 Qd7 18. a4 a5 19. Rfe1 O-O-O 20. c4 Ba6 21.
Qb3 f4 22. Bf2 Re7 23. c5 dxc5 24. dxc5 bxc5 25. Bxc5 Ree8 26. Rab1 Qf7 27.
Qb8+ Kd7 28. Rbd1+ Kc6 29. Rxd8 Rxd8 30. Qxd8 Kxc5 31. Re5+ Kc6 32. Qa8+ Bb7
33. Qxa5 Kd7 34. Rc5 Kc8 35. Qa7 Qd7 36. Qa5 Qd1+ 37. Kf2 Qd4+ 38. Ke2 Qd6 39.
Qa7 e5 40. c3 e4 41. Qa5 Qd3+ 42. Ke1 Qb1+ 43. Ke2 Qc2+ 44. Ke1 Qc1+ 45. Ke2
Qe3+ 46. Kd1 Qg1+ 47. Kc2 c6 48. Rf5 c5 49. Rf8+ Kd7 50. Qd8+ Kc6 51. Rf6# 1-0

[Event "XXXIII Memorial Edoardo Crespi B"]
[Site "Milano ITA"]
[Date "2012.12.07"]
[Round "3"]
[White "Rosini, Luca Ungaro"]
[Black "Corti, Filippo"]
[WhiteElo "1392"]
[BlackElo "1649"]
[Result "0-1"]
[PlyCount "116"]
[EventDate "2012.12.05"]

1. d4 Nf6 2. c4 g6 3. Nc3 Bg7 4. e4 d6 5. Bg5 h6 6. Bh4 c5 7. d5 Qa5 8. f3 Bd7
9. Bd3 Na6 10. a3 Nc7 11. a4 Na6 12. Nge2 Nb4 13. O-O O-O 14. Be1 a6 15. Na2
Qb6 16. Nxb4 cxb4+ 17. Bf2 Qa5 18. b3 Rac8 19. Qd2 Ne8 20. Bd4 Bxd4+ 21. Nxd4
Qb6 22. Kh1 Qxd4 23. Rfe1 Ng7 24. Rad1 Kh7 25. Qxb4 Qa7 26. e5 Bf5 27. exd6
exd6 28. Qxd6 Bxd3 29. Rxd3 Nf5 30. Qd7 Rcd8 31. Qc7 Qf2 32. Rdd1 Ne3 33. Rg1
Nxd1 34. Rxd1 Rde8 35. Qa5 Re2 36. Rg1 Rfe8 37. Qc7 R8e7 38. Qg3 Qxg3 39. hxg3
Re1 40. d6 Rxg1+ 41. Kxg1 Rd7 42. c5 Kg7 43. Kf2 Kf6 44. Ke3 Ke5 45. Kd3 Kd5
46. b4 a5 47. Kc3 axb4+ 48. Kxb4 Kc6 49. a5 f5 50. Kc4 g5 51. f4 g4 52. Kd4 Rg7
53. Ke5 Kxc5 54. Ke6 Rg8 55. Ke7 Ra8 56. d7 Kb5 57. Ke6 Kxa5 58. Kxf5 b5 0-1

[Event "XXXIII Memorial Edoardo Crespi B"]
[Site "Milano ITA"]
[Date "2012.12.07"]
[Round "3"]
[White "Spada, Maurizio"]
[Black "Cagnotto, Marco"]
[WhiteElo "1625"]
[BlackElo "1362"]
[Result "0-1"]
[PlyCount "104"]
[EventDate "2012.12.05"]

1. e4 c5 2. c3 Nc6 3. Nf3 g6 4. d4 cxd4 5. cxd4 Bg7 6. Be3 d6 7. Bb5 Bd7 8. Nc3
Nf6 9. O-O O-O 10. Qd2 Na5 11. Be2 Qb6 12. d5 Qc7 13. Bh6 Nc4 14. Bxc4 Qxc4 15.
Bxg7 Kxg7 16. Rfe1 b5 17. e5 dxe5 18. Nxe5 Qc7 19. Rac1 Qd6 20. Qd3 b4 21. Nxd7
Qxd7 22. Ne4 Qxd5 23. Qf3 Qxa2 24. Nxf6 exf6 25. Qe4 Qxb2 26. Rb1 Qc3 27. Rec1
Qe5 28. Qxb4 Rab8 29. Qa4 Rxb1 30. Rxb1 a5 31. g3 Ra8 32. Rb5 Qc3 33. Rb1 Ra7
34. Ra1 Ra8 35. Kg2 f5 36. Ra3 Qe5 37. Qc6 Qe4+ 38. Qxe4 fxe4 39. f3 exf3+ 40.
Kxf3 Kf6 41. h4 Ke5 42. g4 f5 43. Re3+ Kf6 44. g5+ Kf7 45. Ra3 a4 46. Kf4 Ra7
47. Kf3 Ke6 48. Kf4 Kd5 49. h5 Kc4 50. hxg6 hxg6 51. Ke5 Ra6 52. Ra1 a3 0-1

[Event "XXXIII Memorial Edoardo Crespi B"]
[Site "Milano ITA"]
[Date "2012.12.07"]
[Round "3"]
[White "Spelta, Andrea"]
[Black "Casati, Ivan Mario"]
[WhiteElo "1744"]
[BlackElo "1418"]
[Result "1-0"]
[PlyCount "81"]
[EventDate "2012.12.05"]

1. e4 d6 2. d4 Nf6 3. Nd2 g6 4. Ngf3 Bg7 5. Bd3 O-O 6. O-O c6 7. c3 Nbd7 8. Re1
Re8 9. Nf1 e5 10. dxe5 Nxe5 11. Nxe5 dxe5 12. Bg5 Qb6 13. Qc2 Qc7 14. Nd2 b6
15. Rad1 Bb7 16. Nc4 a5 17. Qe2 b5 18. Ne3 Qb6 19. Bc2 Rad8 20. Qf3 Rxd1 21.
Rxd1 c5 22. c4 b4 23. b3 Qc6 24. Nd5 Nxd5 25. exd5 Qd6 26. g4 Rf8 27. Bh4 Bc8
28. Bg3 f5 29. gxf5 Bxf5 30. Bxf5 Rxf5 31. Qe4 Bh6 32. Re1 Bf4 33. Bxf4 Rxf4
34. Qxe5 Rf6 35. Qxd6 Rxd6 36. Re7 a4 37. Ra7 axb3 38. axb3 Rb6 39. Ra5 Kg7 40.
Rxc5 Ra6 41. Rb5 1-0

[Event "XXXIII Memorial Edoardo Crespi B"]
[Site "Milano ITA"]
[Date "2012.12.07"]
[Round "3"]
[White "Torelli, Mauro"]
[Black "Ragoso, Mario"]
[WhiteElo "1728"]
[BlackElo "1656"]
[Result "0-1"]
[PlyCount "84"]
[EventDate "2012.12.05"]

1. d4 Nf6 2. Nf3 g6 3. Bf4 Bg7 4. e3 d6 5. Be2 O-O 6. O-O Nh5 7. Bg3 Nxg3 8.
fxg3 c5 9. c3 Nd7 10. Nbd2 Nf6 11. Ng5 Bh6 12. Nde4 Nxe4 13. Nxe4 Bxe3+ 14. Kh1
cxd4 15. cxd4 Qb6 16. Nc3 Qxd4 17. Nd5 Qe5 18. Nxe3 Qxe3 19. Rf3 Qe5 20. Rc3
Bd7 21. Bf3 Rab8 22. Rac1 Bc6 23. b3 d5 24. Qd2 Kg7 25. Re1 Qd6 26. Qd4+ f6 27.
a4 a6 28. Rd1 e5 29. Qb6 Rbd8 30. Kg1 Rfe8 31. Rdc1 f5 32. Rxc6 bxc6 33. Rxc6
Qb8 34. Rc7+ Kh6 35. Rb7 Qd6 36. Qa7 Rh8 37. Rb6 Qc5+ 38. Kf1 Rc8 39. Rxa6 Qc1+
40. Kf2 Qd2+ 41. Be2 d4 42. Qe7 Qe3+ 0-1

[Event "XXXIII Memorial Edoardo Crespi B"]
[Site "Milano ITA"]
[Date "2012.12.07"]
[Round "3"]
[White "Valdettaro, Filippo"]
[Black "Lamperti, Gianloris"]
[WhiteElo "1708"]
[BlackElo "1679"]
[Result "1/2-1/2"]
[PlyCount "65"]
[EventDate "2012.12.05"]

1. e4 c6 2. d4 d5 3. exd5 cxd5 4. Bd3 Nf6 5. c3 Nc6 6. Bf4 e6 7. Nf3 Be7 8. O-O
O-O 9. Nbd2 a6 10. Ne5 Bd7 11. Qe2 b5 12. Bg3 b4 13. Bxa6 bxc3 14. bxc3 Qa5 15.
Bb7 Nxe5 16. dxe5 Ne4 17. Nxe4 Bb5 18. Qg4 Bxf1 19. Bxa8 dxe4 20. Bxe4 Ba6 21.
Qh3 g6 22. Bf4 Rc8 23. Qe3 Rc4 24. g3 Rxc3 25. Qe1 Qc7 26. Rc1 Rxc1 27. Qxc1
Qa5 28. Qb1 Bc4 29. Bh6 Bxa2 30. Qb8+ Bd8 31. Bf3 Qc7 32. Qxc7 Bxc7 33. Bf4
1/2-1/2

[Event "XXXIII Memorial Edoardo Crespi B"]
[Site "Milano ITA"]
[Date "2012.12.07"]
[Round "3"]
[White "Vece, Luigi"]
[Black "Gerosa, Davide"]
[WhiteElo "1674"]
[BlackElo "1539"]
[Result "1-0"]
[PlyCount "53"]
[EventDate "2012.12.05"]

1. d4 d5 2. c4 e5 3. dxe5 d4 4. Nf3 Nc6 5. e4 Bg4 6. Bf4 Bb4+ 7. Nbd2 Qe7 8. a3
Bxd2+ 9. Qxd2 Bxf3 10. gxf3 Nxe5 11. Bxe5 Qxe5 12. Bd3 c5 13. f4 Qe7 14. O-O-O
Nf6 15. e5 Nd7 16. Rde1 O-O 17. Rhg1 Qh4 18. Kc2 Rfe8 19. Rg2 g6 20. Be4 Rab8
21. Bd5 Nf8 22. f5 Qh3 23. Qf4 Rbd8 24. fxg6 d3+ 25. Kd2 Nxg6 26. Qxf7+ Kh8 27.
Qf6# 1-0

[Event "XXXIII Memorial Edoardo Crespi B"]
[Site "Milano ITA"]
[Date "2012.12.07"]
[Round "3"]
[White "Versari, Marino"]
[Black "Verderame, Alberto"]
[WhiteElo "1583"]
[BlackElo "1421"]
[Result "1-0"]
[PlyCount "63"]
[EventDate "2012.12.05"]

1. d4 d5 2. c4 c6 3. Nc3 Nf6 4. Nf3 dxc4 5. e3 b5 6. a4 a6 7. axb5 cxb5 8. Nxb5
Bb7 9. Nc3 Qc7 10. Ra4 Bxf3 11. Qxf3 Qc6 12. Qxc6+ Nxc6 13. Bxc4 a5 14. Bb5 Kd7
15. d5 Nxd5 16. Nxd5 Rb8 17. Nc3 e5 18. Rxa5 Kc7 19. Bxc6 Kxc6 20. O-O Bb4 21.
Ra7 Bxc3 22. bxc3 Rhf8 23. Ba3 Kb6 24. Bxf8 Kxa7 25. Ra1+ Kb7 26. Rb1+ Ka8 27.
Rxb8+ Kxb8 28. Bxg7 Kb7 29. Kf1 Kc6 30. Ke2 Kd5 31. Kd3 f5 32. f3 1-0

[Event "XXXIII Memorial Edoardo Crespi B"]
[Site "Milano ITA"]
[Date "2012.12.08"]
[Round "4"]
[White "Bianchi, Angelo Massimo"]
[Black "Fornari, Sergio"]
[WhiteElo "1745"]
[BlackElo "1629"]
[Result "1-0"]
[PlyCount "126"]
[EventDate "2012.12.05"]

1. e4 g6 2. d4 Bg7 3. Nc3 d6 4. f4 e6 5. Nf3 Ne7 6. Be2 Nd7 7. O-O O-O 8. Be3
c6 9. Qd2 d5 10. Rad1 b5 11. exd5 exd5 12. a3 Nb6 13. Ne5 f6 14. Nf3 Nf5 15.
Bf2 Nd6 16. Bd3 Nbc4 17. Qc1 Bf5 18. b3 Bxd3 19. Rxd3 Nb6 20. Re1 Re8 21. Rde3
Rxe3 22. Qxe3 Qd7 23. Qe6+ Kf8 24. Qxd7 Nxd7 25. Re6 Ne4 26. Nxe4 dxe4 27. Rxe4
Re8 28. Rxe8+ Kxe8 29. Kf1 a6 30. Ke2 Nb6 31. Kd3 Bf8 32. b4 Nc4 33. Nd2 Nxa3
34. Kc3 Bd6 35. Be3 Kd7 36. Kb3 Nc4 37. Nxc4 bxc4+ 38. Kxc4 Ke6 39. g4 h5 40.
h3 hxg4 41. hxg4 f5 42. g5 Be7 43. Bd2 Bd6 44. Kd3 Bc7 45. c4 Kd6 46. Kc3 Ke6
47. Kb3 Kd6 48. Kc3 Ke6 49. Kd3 Kd6 50. Ke3 Ke6 51. Bc3 Bd6 52. Bd2 Bc7 53. Kd3
Bd6 54. d5+ cxd5 55. c5 Bc7 56. Kd4 Bb8 57. Ke3 Kd7 58. Bc3 Kc6 59. Be5 Bc7 60.
Bxc7 Kxc7 61. Kd4 Kc6 62. Ke5 a5 63. bxa5 Kxc5 1-0

[Event "XXXIII Memorial Edoardo Crespi B"]
[Site "Milano ITA"]
[Date "2012.12.08"]
[Round "4"]
[White "Bianchi, Paolo"]
[Black "Valdettaro, Filippo"]
[WhiteElo "1676"]
[BlackElo "1708"]
[Result "1/2-1/2"]
[PlyCount "31"]
[EventDate "2012.12.05"]

1. Nf3 f5 2. d4 Nf6 3. e3 e6 4. c4 d5 5. a3 c6 6. Nc3 Bd6 7. cxd5 exd5 8. g3
O-O 9. Bg2 Ne4 10. O-O Nd7 11. Bd2 Ndf6 12. Na2 b6 13. h3 Ba6 14. Re1 Nxg3 15.
Nb4 Bb7 16. fxg3 1/2-1/2

[Event "XXXIII Memorial Edoardo Crespi B"]
[Site "Milano ITA"]
[Date "2012.12.08"]
[Round "4"]
[White "Biffi, Roberto"]
[Black "Giordano, Giovanni"]
[WhiteElo "1691"]
[BlackElo "1437"]
[Result "1-0"]
[PlyCount "66"]
[EventDate "2012.12.05"]

1. d4 Nf6 2. c4 e6 3. Nc3 Bb4 4. Qc2 Nc6 5. Nf3 d5 6. e3 Ne4 7. Bd3 Bxc3+ 8.
bxc3 f5 9. O-O O-O 10. a4 b6 11. Ba3 Re8 12. cxd5 exd5 13. c4 Be6 14. Rac1 Qd7
15. cxd5 Bxd5 16. Bb5 Re6 17. Ne5 Qe8 18. Bxc6 Bxc6 19. Nxc6 Nd2 20. Qxd2 Rxc6
21. Rxc6 Qxc6 22. Qa2+ Kh8 23. Qb3 Rb8 24. Rc1 Qd7 25. Qb5 Qxb5 26. axb5 Rb7
27. Bd6 g5 28. Rxc7 Rb8 29. Rxh7+ Kxh7 30. Bxb8 Kg7 31. Bxa7 Kf7 32. Bxb6 Ke7
33. Bc5+ Kd7 1-0

[Event "XXXIII Memorial Edoardo Crespi B"]
[Site "Milano ITA"]
[Date "2012.12.08"]
[Round "4"]
[White "Bonghi, Fabrizio"]
[Black "Olivo, Mario"]
[WhiteElo "1554"]
[BlackElo "1798"]
[Result "1/2-1/2"]
[PlyCount "107"]
[EventDate "2012.12.05"]

1. e4 c5 2. f4 Nc6 3. Nf3 d6 4. c3 Qa5 5. Bd3 Nf6 6. Bc2 e5 7. f5 Be7 8. O-O
Bd7 9. b3 g6 10. fxg6 hxg6 11. Bb2 O-O-O 12. d4 Bg4 13. d5 Nb8 14. c4 Qc7 15.
Nc3 a6 16. a3 Rdf8 17. Bd3 Nh5 18. b4 Nd7 19. b5 a5 20. Qb3 Bxf3 21. Rxf3 Nf4
22. Ne2 Nxd3 23. Qxd3 Rh7 24. Raf1 b6 25. Rh3 Rg7 26. a4 Nf6 27. Rhf3 Nh5 28.
Bc1 g5 29. Ng3 Nxg3 30. Rxg3 Rfg8 31. Qf3 Qd7 32. Qh5 Bd8 33. Rf5 f6 34. h3 Rh7
35. Qf3 Rgh8 36. Rg4 Rh4 37. Rxh4 Rxh4 38. Bd2 Qh7 39. Be1 Rf4 40. Rxf4 exf4
41. Qg4+ Kc7 42. Qe6 Qe7 43. Qxe7+ Bxe7 44. Kf2 Bf8 45. Kf3 Kd7 46. Bc3 Ke7 47.
Kg4 Kf7 48. h4 Be7 49. hxg5 fxg5 50. e5 Kg6 51. e6 Bd8 52. Bd2 Bf6 53. g3 fxg3
54. Kxg3 1/2-1/2

[Event "XXXIII Memorial Edoardo Crespi B"]
[Site "Milano ITA"]
[Date "2012.12.08"]
[Round "4"]
[White "Cagnotto, Marco"]
[Black "Anguilla, Alfonso"]
[WhiteElo "1362"]
[BlackElo "1660"]
[Result "1-0"]
[PlyCount "35"]
[EventDate "2012.12.05"]

1. e4 e5 2. Nf3 Nc6 3. d4 exd4 4. Nxd4 Bc5 5. Be3 Qf6 6. c3 Nge7 7. Be2 Qg6 8.
Bf3 Ne5 9. O-O Nxf3+ 10. Qxf3 a6 11. Nf5 Nxf5 12. exf5 Qd6 13. Bxc5 Qxc5 14.
Re1+ Kd8 15. f6 Re8 16. Rxe8+ Kxe8 17. fxg7 Qg5 18. Qe3+ 1-0

[Event "XXXIII Memorial Edoardo Crespi B"]
[Site "Milano ITA"]
[Date "2012.12.08"]
[Round "4"]
[White "Capostagno, Francesco"]
[Black "Rosini, Luca Ungaro"]
[WhiteElo "1587"]
[BlackElo "1392"]
[Result "1-0"]
[PlyCount "57"]
[EventDate "2012.12.05"]

1. e4 d5 2. exd5 Qxd5 3. Nc3 Qa5 4. d4 c6 5. Nf3 Nf6 6. Ne5 Qc7 7. Bc4 e6 8.
Bf4 Bd6 9. Qe2 O-O 10. Ne4 Nxe4 11. Qxe4 Nd7 12. Nxd7 Qxd7 13. Bd3 g6 14. Bh6
Re8 15. O-O-O Bf8 16. Bxf8 Kxf8 17. Qe5 Kg8 18. h4 Qd5 19. Qf6 Qxa2 20. h5 Qa1+
21. Kd2 Qa5+ 22. c3 gxh5 23. Bxh7+ Kxh7 24. Qxf7+ Kh6 25. Qxe8 Qg5+ 26. Ke1
Qxg2 27. Rxh5+ Kg7 28. Qh8+ Kf7 29. Rh7+ 1-0

[Event "XXXIII Memorial Edoardo Crespi B"]
[Site "Milano ITA"]
[Date "2012.12.08"]
[Round "4"]
[White "Casamassima, Paolo"]
[Black "Ricciardi, Arcangelo"]
[WhiteElo "1657"]
[BlackElo "1691"]
[Result "1-0"]
[PlyCount "75"]
[EventDate "2012.12.05"]

1. e4 e6 2. Nf3 d5 3. exd5 exd5 4. d4 Bg4 5. Be2 Nf6 6. h3 Bd7 7. Ne5 Bd6 8.
Bg5 O-O 9. Nc3 c6 10. O-O h6 11. Bh4 g5 12. Bg3 Bf5 13. f4 Ne4 14. Nxe4 Bxe4
15. Bd3 Nd7 16. Bxe4 dxe4 17. c3 c5 18. Qh5 Bxe5 19. fxe5 Kg7 20. d5 Qe8 21.
Rf5 f6 22. Qxe8 Raxe8 23. e6 Ne5 24. Bxe5 fxe5 25. Rxe5 Rf6 26. Rxe4 Kf8 27.
Rd1 Ke7 28. d6+ Kd8 29. e7+ Kd7 30. b4 Rxd6 31. Rde1 cxb4 32. cxb4 Rf6 33. Rd1+
Rd6 34. Rde1 Rf6 35. a4 Rf7 36. Rd1+ Kc8 37. Rc4+ Kb8 38. Rd8+ 1-0

[Event "XXXIII Memorial Edoardo Crespi B"]
[Site "Milano ITA"]
[Date "2012.12.08"]
[Round "4"]
[White "Casati, Ivan Mario"]
[Black "Aloe, Giancarlo"]
[WhiteElo "1418"]
[BlackElo "1666"]
[Result "0-1"]
[PlyCount "46"]
[EventDate "2012.12.05"]

1. d4 d5 2. c4 e6 3. Nc3 Nf6 4. Nf3 Be7 5. Bg5 Nbd7 6. cxd5 exd5 7. e3 O-O 8.
Bd3 b6 9. O-O Bb7 10. Qc2 h6 11. Bxf6 Nxf6 12. Ne5 c5 13. b3 Rc8 14. Rad1 cxd4
15. exd4 Bb4 16. Bf5 Rxc3 17. Qb1 Ne4 18. f3 Nd6 19. Bd3 Qg5 20. Qb2 Nf5 21. a3
Ne3 22. axb4 Rc2 23. Bxc2 Qxg2# 0-1

[Event "XXXIII Memorial Edoardo Crespi B"]
[Site "Milano ITA"]
[Date "2012.12.08"]
[Round "4"]
[White "Ceraulo, Carlo Alberto"]
[Black "Lavorgna, Francesco"]
[WhiteElo "1544"]
[BlackElo "1419"]
[Result "1-0"]
[PlyCount "75"]
[EventDate "2012.12.05"]

1. d4 Nf6 2. c4 g6 3. Nc3 Bg7 4. e4 d6 5. Be2 O-O 6. Bg5 e5 7. dxe5 dxe5 8.
Qxd8 Rxd8 9. Nd5 Nbd7 10. Nxc7 Rb8 11. Nd5 h6 12. Be3 b6 13. f3 Nxd5 14. cxd5
Nc5 15. Bb5 f5 16. b4 Nb7 17. Ne2 Nd6 18. Bc6 fxe4 19. fxe4 Nxe4 20. O-O Bb7
21. Rac1 Nf6 22. Nc3 Ba8 23. Rfd1 Nd7 24. Ne4 Nf6 25. Nxf6+ Bxf6 26. Bxh6 g5
27. Bxa8 Rxa8 28. Rc6 Kf7 29. Rf1 Kg6 30. Rcxf6+ Kh5 31. d6 Rh8 32. Bf8 e4 33.
Be7 Rae8 34. Rf8 Rhxf8 35. Rxf8 Rxf8 36. Bxf8 e3 37. Kf1 Kg6 38. d7 1-0

[Event "XXXIII Memorial Edoardo Crespi B"]
[Site "Milano ITA"]
[Date "2012.12.08"]
[Round "4"]
[White "Confalonieri, Luca"]
[Black "Fantina, Carla"]
[WhiteElo "1607"]
[BlackElo "1451"]
[Result "1-0"]
[PlyCount "43"]
[EventDate "2012.12.05"]

1. e4 d6 2. d4 Nf6 3. Nc3 g6 4. Bc4 Bg7 5. f3 O-O 6. Be3 e5 7. Nge2 Nc6 8. Qd2
a6 9. O-O-O Na5 10. Bb3 Nxb3+ 11. cxb3 Bd7 12. Bg5 Re8 13. h4 Qc8 14. g4 h5 15.
Bxf6 Bxf6 16. gxh5 Qd8 17. hxg6 Bxh4 18. Rdg1 f5 19. Qh6 Re7 20. Rxh4 Rh7 21.
Qxh7+ Kf8 22. Qf7# 1-0

[Event "XXXIII Memorial Edoardo Crespi B"]
[Site "Milano ITA"]
[Date "2012.12.08"]
[Round "4"]
[White "Corti, Filippo"]
[Black "Brambilla, Luca Massimo"]
[WhiteElo "1649"]
[BlackElo "1692"]
[Result "0-1"]
[PlyCount "76"]
[EventDate "2012.12.05"]

1. Nf3 Nf6 2. g3 d5 3. Bg2 c5 4. d3 Nc6 5. Nbd2 e5 6. O-O Be7 7. e4 Be6 8. Re1
d4 9. Ng5 Bg4 10. f3 Bd7 11. Nc4 b5 12. Nd2 h6 13. Nh3 Qc8 14. Nf2 g5 15. Nf1
Bd6 16. c3 Be6 17. a4 Rb8 18. axb5 Rxb5 19. c4 Rb6 20. Qa4 Bd7 21. Qd1 Ke7 22.
f4 gxf4 23. gxf4 Qg8 24. fxe5 Bxe5 25. Ng3 Bxg3 26. hxg3 Qxg3 27. Qf3 Qxf3 28.
Bxf3 Ne5 29. Bg2 Rg8 30. Kf1 a6 31. Bxh6 Nfg4 32. Bf4 Nxf2 33. Bxe5 Nxd3 34.
Bc7 Rxb2 35. Re2 Rxg2 36. Rxg2 Bh3 37. Ra3 Rf2+ 38. Kg1 Rxg2+ 0-1

[Event "XXXIII Memorial Edoardo Crespi B"]
[Site "Milano ITA"]
[Date "2012.12.08"]
[Round "4"]
[White "Costanza, Calogero"]
[Black "Versari, Marino"]
[WhiteElo "1683"]
[BlackElo "1583"]
[Result "0-1"]
[PlyCount "92"]
[EventDate "2012.12.05"]

1. d4 d5 2. Nf3 Nf6 3. b3 e6 4. Bb2 Bd6 5. e3 O-O 6. Bd3 c5 7. Ne5 cxd4 8. exd4
b6 9. O-O Bb7 10. Nd2 Nc6 11. f4 Ne7 12. g4 Bxe5 13. dxe5 Nd7 14. Nf3 Nc5 15.
f5 Nxd3 16. Qxd3 exf5 17. gxf5 Qc8 18. Ng5 h6 19. Nh3 Ba6 20. c4 dxc4 21. Qg3
c3 22. Bxc3 Bxf1 23. Rxf1 Nxf5 24. Qf3 Qc5+ 25. Kh1 Nh4 26. Qg3 Qd5+ 27. Kg1
Ng6 28. Re1 Rfe8 29. Nf4 Qc5+ 30. Kh1 Nxf4 31. e6 Qd5+ 32. Kg1 Ng6 33. exf7+
Qxf7 34. Rf1 Qe7 35. Re1 Qg5 36. Qxg5 hxg5 37. Rd1 Rac8 38. Rd3 Rcd8 39. Rg3
Rd1+ 40. Kg2 Re2+ 41. Kh3 Nf4+ 42. Kg4 Nd5 43. Kxg5 Nxc3 44. Rxc3 Rxh2 45. Rc8+
Kh7 46. Rc7 Rxa2 0-1

[Event "XXXIII Memorial Edoardo Crespi B"]
[Site "Milano ITA"]
[Date "2012.12.08"]
[Round "4"]
[White "Figini, Vittorio"]
[Black "Spada, Maurizio"]
[WhiteElo "1531"]
[BlackElo "1625"]
[Result "0-1"]
[PlyCount "52"]
[EventDate "2012.12.05"]

1. e4 e5 2. Nf3 Nc6 3. Bb5 a6 4. Ba4 Nf6 5. O-O b5 6. Bb3 Be7 7. Re1 O-O 8. c3
d5 9. exd5 Nxd5 10. Nxe5 Nxe5 11. Rxe5 Nf6 12. d4 Bd6 13. Re1 Ng4 14. g3 Bb7
15. Qd3 Qf6 16. Qf1 Rfe8 17. Be3 Qf3 18. d5 Re5 19. Nd2 Qf5 20. c4 Rae8 21. Bd4
Qh5 22. h4 Rxe1 23. Rxe1 Rxe1 24. Qxe1 bxc4 25. Nxc4 Qxd5 26. Nxd6 Qg2# 0-1

[Event "XXXIII Memorial Edoardo Crespi B"]
[Site "Milano ITA"]
[Date "2012.12.08"]
[Round "4"]
[White "Gonella, Graziano"]
[Black "Nanni, Sergio"]
[WhiteElo "1202"]
[BlackElo "1650"]
[Result "0-1"]
[PlyCount "64"]
[EventDate "2012.12.05"]

1. e4 e5 2. Nf3 Nf6 3. Nc3 Bc5 4. Bc4 O-O 5. d4 exd4 6. Nxd4 Nxe4 7. Be3 Nxc3
8. bxc3 d5 9. Be2 Re8 10. O-O Qf6 11. Rb1 b6 12. Qd2 c6 13. Bg5 Qg6 14. Bd3 Qh5
15. Rfe1 Rf8 16. Ne2 f6 17. Bf4 Qf7 18. Ng3 Nd7 19. Bf5 Ne5 20. Bxe5 fxe5 21.
Rxe5 Bd6 22. Bxh7+ Kxh7 23. Qd3+ Kg8 24. Re2 Bf5 25. Nxf5 Qxf5 26. Qd1 Qh5 27.
g3 Qf5 28. Qd2 Bc5 29. Rf1 Rf6 30. Qe1 Raf8 31. Kg2 Rh6 32. Re8 Qh3+ 0-1

[Event "XXXIII Memorial Edoardo Crespi B"]
[Site "Milano ITA"]
[Date "2012.12.08"]
[Round "4"]
[White "Grudina, Marco"]
[Black "Lamperti, Gianloris"]
[WhiteElo "1796"]
[BlackElo "1679"]
[Result "1-0"]
[PlyCount "71"]
[EventDate "2012.12.05"]

1. e4 c6 2. d4 d5 3. Nc3 dxe4 4. Nxe4 Nd7 5. Ng5 Ngf6 6. Bd3 e6 7. N1f3 h6 8.
Ne4 Nxe4 9. Bxe4 c5 10. c3 Be7 11. O-O O-O 12. Be3 Nf6 13. Bc2 Qc7 14. Qd2 Rd8
15. Bxh6 gxh6 16. Qxh6 Rd5 17. Ng5 Rxg5 18. Qxg5+ Kf8 19. Qh6+ Ke8 20. Qh8+ Kd7
21. Ba4+ Kd6 22. Rad1 c4 23. Qh3 Bd8 24. Rfe1 Qa5 25. b3 b5 26. Qf3 Nd5 27.
bxc4 bxc4 28. Qg3+ Ke7 29. Qg5+ Kf8 30. Qh6+ Ke7 31. Bc6 Rb8 32. Bxd5 Qxd5 33.
Re5 Qd6 34. Qg7 Bb7 35. Rh5 Bc7 36. Qg5+ 1-0

[Event "XXXIII Memorial Edoardo Crespi B"]
[Site "Milano ITA"]
[Date "2012.12.08"]
[Round "4"]
[White "Izzo, Riccardo"]
[Black "Lipari, Alberto"]
[WhiteElo "1653"]
[BlackElo "1604"]
[Result "1-0"]
[PlyCount "113"]
[EventDate "2012.12.05"]

1. d4 g6 2. e4 Bg7 3. Nf3 d6 4. Nc3 Bg4 5. Be3 Nc6 6. Bb5 Bd7 7. O-O e6 8. Ne2
Nf6 9. Ng3 O-O 10. c4 a6 11. Bxc6 bxc6 12. b3 Qe7 13. Rc1 Rfd8 14. Qe2 d5 15.
e5 Ng4 16. h3 Nxe3 17. Qxe3 Qf8 18. cxd5 exd5 19. Rfe1 Re8 20. Qd3 Bh6 21. Rc2
Bf4 22. Qe2 Re6 23. Qd1 Rae8 24. Ne2 Bh6 25. Nc3 f6 26. Na4 fxe5 27. Nc5 R6e7
28. Nxd7 Rxd7 29. Nxe5 Rde7 30. Rce2 Qf6 31. Ng4 Qg5 32. Nxh6+ Kg7 33. Rxe7+
Rxe7 34. Rxe7+ Qxe7 35. Ng4 h5 36. Ne5 c5 37. Nf3 c4 38. bxc4 dxc4 39. d5 Qc5
40. Qd4+ Qxd4 41. Nxd4 Kf6 42. Kf1 Ke5 43. Nc2 Kxd5 44. Nb4+ Kd4 45. Ke2 a5 46.
Nc2+ Kc3 47. Kd1 Kd3 48. f3 h4 49. Kc1 c3 50. Kd1 c5 51. Ne1+ Ke3 52. Kc2 c4
53. f4 Kf2 54. Nf3 Kg3 55. Kxc3 Kxf4 56. Nxh4 g5 57. Nf3 1-0

[Event "XXXIII Memorial Edoardo Crespi B"]
[Site "Milano ITA"]
[Date "2012.12.08"]
[Round "4"]
[White "Libutti, Michele"]
[Black "Macri', Vincenzo Roberto"]
[WhiteElo "1736"]
[BlackElo "1538"]
[Result "1-0"]
[PlyCount "77"]
[EventDate "2012.12.05"]

1. d4 Nf6 2. c4 b5 3. cxb5 Bb7 4. Nf3 c6 5. e3 cxb5 6. Bxb5 e6 7. O-O Qb6 8.
Bd3 Nc6 9. a3 Be7 10. Nc3 O-O 11. b4 Rac8 12. Na4 Qc7 13. Nc5 Bxc5 14. bxc5 d6
15. cxd6 Qxd6 16. a4 Rfd8 17. Ba3 Qd5 18. Rb1 Qa2 19. Bc5 Rb8 20. Qb3 Qxb3 21.
Rxb3 a5 22. Rfb1 Ba8 23. Rxb8 Rxb8 24. Rxb8+ Nxb8 25. Ne5 Nc6 26. Nxc6 Bxc6 27.
Bb5 Bxb5 28. axb5 Nd7 29. b6 a4 30. b7 f6 31. Kf1 Kf7 32. Ke2 Ke8 33. Kd2 Kd8
34. Bd6 a3 35. Kc2 e5 36. dxe5 fxe5 37. Bxe5 Ke7 38. b8=Q Nxb8 39. Bxb8 1-0

[Event "XXXIII Memorial Edoardo Crespi B"]
[Site "Milano ITA"]
[Date "2012.12.08"]
[Round "4"]
[White "Marinescu, Gheorge"]
[Black "Madaschi, Sergio"]
[WhiteElo "1618"]
[BlackElo "1516"]
[Result "1/2-1/2"]
[PlyCount "63"]
[EventDate "2012.12.05"]

1. Nf3 Nf6 2. d4 d5 3. c4 c6 4. Nc3 e6 5. Bg5 h6 6. Bxf6 Qxf6 7. c5 Nd7 8. e3
e5 9. b4 g6 10. g3 Bg7 11. Bg2 exd4 12. Nxd4 O-O 13. O-O Re8 14. Rc1 Nf8 15. h3
Bd7 16. a4 a6 17. Qd3 Ne6 18. Nb3 Ng5 19. f4 Bf5 20. fxg5 Bxd3 21. gxf6 Bxf1
22. fxg7 Bxg2 23. Kxg2 Rxe3 24. Na5 Re7 25. Kf3 Kxg7 26. h4 Rae8 27. b5 axb5
28. axb5 Ra8 29. Nb3 Ra3 30. Rb1 Re8 31. bxc6 bxc6 32. Kf2 1/2-1/2